01593cam a2200241 i 450000500170000000800410001701700300005802000420008803500200013004000280015008200210017824507830019924600460098224600250102825000150105330000760106850400510114465000500119565100100124570000310125570000330128670000320131920240530110716.0150521s2016 paua b 001 0 eng  bمصر. دار الكتب a9780323241267 (hardcover : volume 12) a(DNLM)101659270 aDNLM/DLCcDLCerdadDLC04221a617.54\bS S00aSabiston & Spencer surgery of the chest /c[edited by] Frank W. Sellke, MD, Karl Karlson & Gloria Karlson Professor and Chief of Cardiothoracic Surgery, Warren Alpert Medical School of Brown University and Rhode Island Hospital, Director, Lifespan Cardiovascular Institute, Providence, Rhode Island, Pedro J. del Nido, MD, William E. Ladd Professor of Surgery, Harvard Medical Scool, Chairman, Department of Cardiac Surgery, Boston Children's Hospital, Boston, Massachusetts, Scott J. Swanson, MD, Director, Minimally Invasive Thoracic Surgery, Brigham and Women's Hospital, Vice Chair, Cancer Affairs, Department of Surgery, Brigham and Women's Hospital, Chief Surgical Officer, Dana-Farber Cancer Institute, Professor of Surgery, Harvard Medical School, Boston, Massachusetts.1 aSabiston and Spencer surgery of the chest1 aSurgery of the chest aEdition 9. a2 volumes (xxix, 2410, 48 pages) :billustrations (some color) ;c29 cm aIncludes bibliographical references and index.12aThoracic Surgical Proceduresxmethods.2qrmak 2qrmak1 aSellke, Frank W.,eeditor.1 aDel Nido, Pedro J.,eeditor.1 aSwanson, Scott J.,eeditor.